000 00464nam a2200181Ia 4500
001 11373
005 20260306162823.0
008 260306t2015||||xx |||||||||||||| ||spa||
041 _aESP
082 _a985.04
_bC265I
100 _aContreras, Carlos,
_eAUT
245 0 _aLa independencia del Perú :
_b¿concedida, conseguida, concebida?
260 _c2015
300 _a491 páginas :
_c23 cm.
650 _aGEN
654 _aCHU
942 _cLIB
_dJUS
_fJUS
_2ddc
_n
999 _c11373
_d11373